[Event "AUTO-MASTER-388"]
[Site "http://www.queenalice.com/game.php?id=278916"]
[Date "2007.9.29"]
[Round "1"]
[White "Goles_Giovano"]
[Black "guzanito"]
[Result "1/2-1/2"]
[WhiteElo "2201"]
[BlackElo "2058"]

1. f4 e5 2. fxe5 d6 3. Nf3 Bg4 4. e4 Nd7 5. e6 fxe6 6. d4 Qf6 7. Be2 O-O-O 8.
Bg5 Bxf3 9. Bxf6 Bxe2 10. Qxe2 Ngxf6 11. Nc3 d5 12. exd5 exd5 13. O-O Bb4 14.
Nb5 a6 15. c3 Ba5 16. b4 Bb6 17. Na3 Rde8 18. Qd3 c6 19. Rae1 Rxe1 20. Rxe1 Ne4
21. c4 Ndf6 22. cxd5 cxd5 23. b5 a5 24. Nc2 Kb8 25. Ne3 Rd8 26. Nxd5 Rxd5 27.
Rxe4 Nxe4 28. Qxe4 Rxd4 29. Qe5+ Ka7 30. Kf1 Rd2 31. Qxg7 Rxa2 32. h4 h5 33. g4
Rf2+ 34. Ke1 Rg2 35. g5 a4 36. g6 a3 37. Qc3 a2 38. Qa3+ Kb8 39. g7 Bd8 40. Qd6+
Kc8 41. Qe5 Rg1+ 42. Ke2 a1=Q 43. Qxa1 Rxa1 44. g8=Q Ra4 45. Qe6+ Kb8 46. Qd7
Bb6 47. Qe8+ Ka7 48. Qxh5 Bd8 49. Qd5 Bxh4 50. Qb3 Ra5 51. b6+ Ka6 52. Qc4+ Kxb6
53. Qxh4 Rc5 54. Qb4+ Kc6 55. Ke3 b5 56. Qe4+ Kb6 1/2-1/2

[Event "AUTO-MASTER-388"]
[Site "http://www.queenalice.com/game.php?id=278917"]
[Date "2007.9.29"]
[Round "1"]
[White "guzanito"]
[Black "Goles_Giovano"]
[Result "1-0"]
[WhiteElo "2003"]
[BlackElo "2198"]

1. e4 c5 2. Nf3 Nc6 3. d4 cxd4 4. Nxd4 Nf6 5. Nc3 e5 6. Ndb5 d6 7. Nd5 Nxd5 8.
exd5 Nb8 9. c4 a6 10. Nc3 Be7 11. Be2 O-O 12. O-O f5 13. f4 Bf6 14. Be3 Nd7 15.
Rc1 exf4 16. Bxf4 Ne5 17. Kh1 Bd7 18. Qd2 g5 19. Bxe5 Bxe5 20. Bd3 Qf6 21. Ne4
Qh6 22. Qxg5+ Qg6 23. Qxg6+ hxg6 24. Nc3 Kg7 25. h3 Rae8 26. b4 b6 27. Ne2 g5
28. c5 bxc5 29. bxc5 dxc5 30. Rxc5 Rf6 31. Rb1 Rb8 32. Rxb8 Bxb8 33. Ra5 Bc8 34.
Nd4 Rb6 35. Nxf5+ Bxf5 36. Bxf5 Kf6 37. Bd3 Rb2 38. Kg1 Ke5 39. Rxa6 Kxd5 40.
Ra5+ Kd4 41. Rb5 Rxa2 42. Rxb8 Kxd3 43. Rb5 g4 44. hxg4 Ke4 45. Rf5 Ra8 46. Kh2
Rg8 47. Kg3 Rg7 48. Ra5 Rg8 49. g5 Rg6 50. Kg4 Rg7 51. Ra6 Ke5 52. g6 1-0

[Event "AUTO-MASTER-389"]
[Site "http://www.queenalice.com/game.php?id=279509"]
[Date "2007.9.30"]
[Round "1"]
[White "Sinja"]
[Black "Goles_Giovano"]
[Result "1-0"]
[WhiteElo "2162"]
[BlackElo "2217"]

1. d4 Nf6 2. Bg5 g6 3. Nc3 d5 4. Qd2 h6 5. Bf4 Nh5 6. Be5 f6 7. Bg3 Nxg3 8. hxg3
Bg7 9. O-O-O f5 10. Nh3 c6 11. f3 e5 12. dxe5 Bxe5 13. Nf4 Kf7 14. e4 fxe4 15.
fxe4 1-0

[Event "AUTO-MASTER-389"]
[Site "http://www.queenalice.com/game.php?id=279510"]
[Date "2007.9.30"]
[Round "1"]
[White "Goles_Giovano"]
[Black "Sinja"]
[Result "0-1"]
[WhiteElo "2203"]
[BlackElo "2176"]

1. d4 d5 2. c4 dxc4 3. Nc3 e5 4. d5 Nf6 5. e4 b5 6. Bg5 a6 7. a4 b4 8. Na2 Bc5
9. Qf3 h6 10. Bxf6 Qxf6 11. Bxc4 Nd7 12. Nc1 Bd4 13. Nd3 Nb6 14. Bb3 Qg6 15. Kf1
a5 16. Qe2 Ba6 17. Rd1 O-O 18. Nf3 Nd7 0-1

[Event "AUTO-MASTER-389"]
[Site "http://www.queenalice.com/game.php?id=279523"]
[Date "2007.9.30"]
[Round "1"]
[White "Lorfman"]
[Black "Goles_Giovano"]
[Result "1-0"]
[WhiteElo "2239"]
[BlackElo "2151"]

1. e4 c5 2. Nf3 Nc6 3. d4 cxd4 4. Nxd4 Nf6 5. Nc3 d6 6. Bg5 e6 7. Qd2 a6 8.
O-O-O Be7 9. f3 Qc7 10. Kb1 Bd7 11. h4 Na5 12. g4 b5 13. Re1 Nc4 14. Bxc4 bxc4
15. f4 Rb8 16. e5 Nxg4 17. Bxe7 Qb7 18. Nd1 Kxe7 19. exd6+ Kf8 20. h5 h6 21.
Rhg1 Nf6 22. Ka1 Qb6 23. c3 1-0

[Event "AUTO-MASTER-389"]
[Site "http://www.queenalice.com/game.php?id=279524"]
[Date "2007.9.30"]
[Round "1"]
[White "Goles_Giovano"]
[Black "Lorfman"]
[Result "0-1"]
[WhiteElo "2142"]
[BlackElo "2248"]

1. e4 c5 2. Nf3 Nc6 3. d4 cxd4 4. Nxd4 Nf6 5. Nc3 e5 6. Ndb5 d6 7. Bg5 a6 8. Na3
b5 9. Nd5 Be7 10. Bxf6 Bxf6 11. c3 O-O 12. Nc2 Bg5 13. h4 Bh6 14. g4 Bf4 15. Qf3
Be6 16. Nxf4 exf4 17. Qxf4 Ne5 18. Ne3 b4 19. Be2 bxc3 20. bxc3 Rb8 21. Kf1 Qa5
22. h5 f6 23. Nf5 Qxc3 24. Kg2 Rb2 25. Rhc1 Qa3 26. Nd4 Bd7 0-1

[Event "AUTO-MASTER-389"]
[Site "http://www.queenalice.com/game.php?id=279531"]
[Date "2007.9.30"]
[Round "1"]
[White "Nelson_Abe"]
[Black "Goles_Giovano"]
[Result "0-1"]
[WhiteElo "1969"]
[BlackElo "2188"]

1. d4 Nf6 2. Nf3 g6 3. c4 Bg7 4. Nc3 O-O 5. g3 d6 6. Bg2 Nbd7 7. b4 c5 8. bxc5
dxc5 9. d5 Ne4 10. Nxe4 Bxa1 11. Bh6 Bg7 12. Qd2 f5 13. Bxg7 Kxg7 14. Nxc5 Nxc5
15. Qd4+ e5 16. Qxe5+ Qf6 17. Qc7+ Nd7 18. O-O Qb6 19. Qf4 Re8 20. Nd4 Nf6 21.
Rc1 Ne4 22. e3 Qd6 23. Qxd6 Nxd6 24. c5 Ne4 25. Nb5 Rd8 26. Bxe4 fxe4 27. d6 Bf5
28. Kg2 a6 29. Nc7 Rac8 30. h3 h5 31. Rb1 Rb8 32. Rb6 Kf7 0-1

[Event "AUTO-MASTER-389"]
[Site "http://www.queenalice.com/game.php?id=279532"]
[Date "2007.9.30"]
[Round "1"]
[White "Goles_Giovano"]
[Black "Nelson_Abe"]
[Result "1-0"]
[WhiteElo "2193"]
[BlackElo "1962"]

1. e4 c5 2. d4 cxd4 3. c3 d5 4. exd5 Qxd5 5. cxd4 e5 6. Nf3 Nc6 7. Nc3 Bb4 8.
Bd2 Bxc3 9. Bxc3 e4 10. Ne5 Nxe5 11. dxe5 Ne7 12. Be2 e3 13. O-O exf2+ 14. Rxf2
O-O 15. Bf3 Qxd1+ 16. Rxd1 Nc6 17. Rd6 Be6 18. a3 Rfd8 19. Rfd2 Rxd6 20. Rxd6
Rd8 21. Bb4 Rxd6 22. Bxd6 f6 23. exf6 gxf6 24. b4 a6 25. a4 Bc4 26. Kf2 Kf7 27.
Ke3 Ke6 28. Bc5 f5 29. g4 fxg4 30. Bxg4+ Kf6 31. Bc8 Ne5 32. Bd4 a5 33. Kf4 1-0